Espai Natural de les Guilleries-Savassona : Exposició itinerant Exposició itinerant
Descripción Física:
1 tríptic ; il. col. ; 10 x 21 cm.
Materias:
Espai Natural de les Guilleries-Savassona (Catalunya) -- Exposicions
; Espai Natural de les Guilleries-Savassona (Catalunya) -- Activitats culturals
; Fulletons
Idioma:
Catalán
MARC
| LEADER | 00000nam a22000007a 4500 | ||
|---|---|---|---|
| 001 | 27426 | ||
| 003 | Arxiu | ||
| 005 | 20260324181153.0 | ||
| 008 | 230228b spa||||| |||| 00| 0 cat d | ||
| 017 | |a B 25557-2019 | ||
| 040 | |a agdb |b cat | ||
| 041 | |a cat | ||
| 110 | 1 | |9 7250 |a Barcelona (Catalunya : Província). |b Xarxa de Parcs Naturals | |
| 245 | |a Espai Natural de les Guilleries-Savassona : |b Exposició itinerant | ||
| 260 | |a Barcelona : |b Diputació de Barcelona ; |c 2019 | ||
| 300 | |a 1 tríptic ; |b il. col. ; |c 10 x 21 cm. | ||
| 500 | |a Tríptic de l'exposició. | ||
| 610 | 0 | |a Espai Natural de les Guilleries-Savassona (Catalunya) |x Exposicions |9 70649 | |
| 610 | 2 | 0 | |9 52940 |a Espai Natural de les Guilleries-Savassona (Catalunya) |x Activitats culturals |
| 655 | 0 | |a Fulletons |9 55858 | |
| 710 | 1 | |9 52664 |a Espai Natural de les Guilleries-Savassona (Catalunya) | |
| 942 | |2 udc |c ARXIU |n 1 | ||
| 952 | |0 0 |1 0 |2 udc |4 0 |6 FU7475 |7 1 |9 65374 |a Arxiu |b Arxiu |d 2023-02-28 |l 0 |o FU-74-75 |p 27426 |r 2023-02-28 00:00:00 |w 2023-02-28 |y ARXIU | ||
| 999 | |c 83107 |d 83107 | ||